000 00640nam a22001937a 4500
005 20170712153756.0
010 _aENG-119204
020 _a9788175417977
_c495.00
035 _aEN-102736
037 _bDBAD/PUB
082 _a220.509
100 _aTyagi, Ashok
245 _aAll about Hinduism :
_cby Ashok Tyagi
_bfrom vedas to devas and past to present /
260 _aDelhi
_bShipra Publications
_c2015
270 _aLG 18-19, Pankaj Central Market,I.P.Ext. Patparganj
_bDelhi
_e110092
300 _axxiv,368p.
_c22cm(pbk)
500 _aIncludes bibliographic references and index
942 _2ddc
_cEN
_mTYA
_h220.509
999 _c142482
_d142482